LIBRARY ONLINE CATALOGUE

Emotions and Needs (Record no. 17862)

MARC details
000 -LEADER
fixed length control field 00436nam a22001697a 4500
008 - FIXED-LENGTH DATA ELEMENTS--GENERAL INFORMATION
fixed length control field 190730b xxu||||| |||| 00| 0 eng d
020 ## - INTERNATIONAL STANDARD BOOK NUMBER
International Standard Book Number 0335208010
050 ## - LIBRARY OF CONGRESS CALL NUMBER
Classification number RC489
Item number .F74 2002 c.1
100 ## - MAIN ENTRY--PERSONAL NAME
Personal name Freshwater, Dawn
245 ## - TITLE STATEMENT
Title Emotions and Needs
Statement of responsibility, etc. Dawn Freshwater
260 ## - PUBLICATION, DISTRIBUTION, ETC. (IMPRINT)
Place of publication, distribution, etc. Philadelphia
Name of publisher, distributor, etc. OUP
Date of publication, distribution, etc. 2002
300 ## - PHYSICAL DESCRIPTION
Extent xii, 148p.
650 ## - SUBJECT ADDED ENTRY--TOPICAL TERM
Topical term or geographic name as entry element Emotions
650 ## - SUBJECT ADDED ENTRY--TOPICAL TERM
Topical term or geographic name as entry element Psychotherapy
700 ## - ADDED ENTRY--PERSONAL NAME
Personal name Chris Robertson
942 ## - ADDED ENTRY ELEMENTS (KOHA)
Source of classification or shelving scheme Library of Congress Classification
Koha item type General Collection
Holdings
Withdrawn status Lost status Source of classification or shelving scheme Not for loan Home library Current library Date acquired Cost, normal purchase price Total Checkouts Full call number Barcode Date last seen Price effective from Koha item type
    Library of Congress Classification   Kabarak, Main Campus Kabarak, Main Campus 30/07/2019 2088.00   RC489 .F74 2002 c.1 022349 30/07/2019 30/07/2019 General Collection
    Library of Congress Classification   Kabarak, Main Campus Kabarak, Main Campus 30/07/2019 2088.00   RC489 .F74 2002 c.2 022610 30/07/2019 30/07/2019 General Collection